|
|
|
|
| LEADER |
00000cai a2200000 c 4500 |
| 001 |
58469119X |
| 003 |
DE-627 |
| 005 |
20241202154406.0 |
| 007 |
cr ||||||||||| |
| 008 |
081111c20059999gw z| d|o 0 |2ger c |
| 016 |
7 |
|
|a 99117576X
|2 DE-101
|
| 016 |
7 |
|
|a 2463900-X
|2 DE-600
|
| 035 |
|
|
|a (DE-627)58469119X
|
| 035 |
|
|
|a (DE-576)280822235
|
| 035 |
|
|
|a (DE-599)ZDB2463900-X
|
| 035 |
|
|
|a (OCoLC)1368796209
|
| 040 |
|
|
|a DE-627
|b ger
|c DE-627
|e rakwb
|
| 041 |
|
|
|a ger
|
| 044 |
|
|
|c XA-DE
|
| 082 |
0 |
4 |
|a 920
|q DE-600
|
| 084 |
|
|
|a NZ 10350
|2 rvk
|0 (DE-625)rvk/132421:
|
| 084 |
|
|
|a NR 1900
|2 rvk
|0 (DE-625)rvk/129182:
|
| 084 |
|
|
|a 01.31
|2 bkl
|
| 084 |
|
|
|a 15.48
|2 bkl
|
| 245 |
0 |
0 |
|a Sächsische Biografie
|c hrsg. vom Institut für Sächsische Geschichte und Volkskunde
|
| 246 |
3 |
0 |
|a Biographie
|
| 264 |
3 |
1 |
|a Dresden
|b [Verlag nicht ermittelbar]
|c 2005-
|
| 300 |
|
|
|a Online-Ressource
|
| 336 |
|
|
|a Text
|b txt
|2 rdacontent
|
| 337 |
|
|
|a Computermedien
|b c
|2 rdamedia
|
| 338 |
|
|
|a Online-Ressource
|b cr
|2 rdacarrier
|
| 362 |
0 |
|
|a 2005 -
|
| 363 |
0 |
1 |
|i 2005
|
| 500 |
|
|
|a Gesehen am 09.04.18
|
| 591 |
|
|
|a 14!URL-Ä(09-04-18)
|
| 601 |
|
|
|a Biografie
|
| 655 |
|
7 |
|a Datenbank
|0 (DE-588)4011119-2
|0 (DE-627)106354256
|0 (DE-576)208891943
|2 gnd-content
|
| 689 |
0 |
0 |
|d g
|0 (DE-588)4051176-5
|0 (DE-627)106178245
|0 (DE-576)209091789
|2 gnd
|a Sachsen
|
| 689 |
0 |
1 |
|d s
|0 (DE-588)4025111-1
|0 (DE-627)104400900
|0 (DE-576)208959254
|2 gnd
|a Historische Persönlichkeit
|
| 689 |
0 |
|
|5 (DE-627)
|
| 856 |
4 |
0 |
|u https://saebi.isgv.de
|x Verlag
|z kostenfrei
|7 0
|
| 856 |
4 |
0 |
|u https://dbis.ur.de/resources/5057
|x DBIS
|7 1
|
| 935 |
|
|
|a SAXB
|
| 936 |
r |
v |
|a NZ 10350
|b Biografische Reihen
|k Geschichte
|k Regionale Landeskunde
|k Landesgeschichte Sachsen
|k Biografische Reihen
|0 (DE-627)1270975358
|0 (DE-625)rvk/132421:
|0 (DE-576)200975358
|
| 936 |
r |
v |
|a NR 1900
|b Biografische Reihen zur Landesgeschichte
|k Geschichte
|k Landes- und Stadtgeschichte (Allgemeine, Deutsche und Österreichische Landes- und Stadtgeschichte, Ausländische Stadtgeschichte, Geschichte der Auslanddeutschen)
|k Allgemeines
|k Darstellungen
|k Biografische Reihen zur Landesgeschichte
|0 (DE-627)1271473399
|0 (DE-625)rvk/129182:
|0 (DE-576)201473399
|
| 936 |
b |
k |
|a 01.31
|j Biographische Nachschlagewerke
|0 (DE-627)106415042
|
| 936 |
b |
k |
|a 15.48
|j Sachsen
|j Sachsen-Anhalt
|j Thüringen
|x Geschichte
|0 (DE-627)181571048
|
| 951 |
|
|
|a JT
|
| ACO |
|
|
|a 1
|
| ELC |
|
|
|a 1
|
| OAS |
|
|
|a 1
|
| ORI |
|
|
|a TA-MARC-ixtheob001.raw
|
| REL |
|
|
|a 1
|
| SPR |
|
|
|a 1
|t IXT
|
| STA |
0 |
0 |
|a Historical figure,Historical personage,Saxony,Saxons,Saxons,Saxony,Saxons,Saxony,Electoral Saxony,Northwestern Saxony,Saxons,Northern Saxony
|
| STB |
0 |
0 |
|a Personnage historique,Saxons,Saxe,Saxons
|
| STC |
0 |
0 |
|a Personaje histórico,Sajones,Sajonia,Sajones
|
| STD |
0 |
0 |
|a Personaggio storico,Sassoni,Sassoni,Sassoni
|
| STE |
0 |
0 |
|a 历史人物,撒克逊人
|
| STF |
0 |
0 |
|a 撒克遜人,撒克遜人,歷史人物
|
| STG |
0 |
0 |
|a Personagem histórico,Saxônios,Saxônia,Saxônios
|
| STH |
0 |
0 |
|a Историческая личность,Саксонцы,Саксония (мотив),Саксония (Германцы)
|
| STI |
0 |
0 |
|a Ιστορική προσωπικότητα,Σάξονες,Σαξονία (μοτίβο),Σάξονες (Γερμανικά φύλα)
|
| SUB |
|
|
|a REL
|
| SYG |
0 |
0 |
|a Sakska,Sajonia,Sasko,Königreich Sachsen,Kurfürstentum Sachsen,Land Sachsen,Kursachsen,Freistaat Sachsen,Free State of Saxony,Saxe,Saxony,Chur-Sachsen,Etat Libre de Saxe,Republik Sachsen , Historische Person,Geschichtliche Persönlichkeit,Grosse Persönlichkeit,Historische Gestalt,Historische Größe
|
| TIM |
|
|
|a 000000000000_100019520723
|b - 1952-07-23
|